000 00439nam a2200145 a 4500
999 _c566
_d566
020 _a0070233101 (hardcover)
020 _a9780070233102 (hardcover)
100 1 _aGivone, Donald D.
245 1 0 _aIntroduction to Switching Circuit Theory /
260 _a[S.l.] :
_bMcGraw-Hill Inc.,US,
_c1970.
300 _a448 p. ;
650 _aSwitching theory
856 4 0 _uhttp://www.amazon.com/exec/obidos/ASIN/0070233101/chopaconline-20
942 _cBK